000 01132nam a22002657a 4500
001 BD-DhSAU 9278
003 BD-DhSAU
005 20260513122717.0
008 260513b2018 bg a|||| m||| 00| 0 eng d
040 _aBD-DhSAU
082 _222
_a636.085
_bJ935
100 _aShibli, M. M. Juglul Hasan
_eRegistration # 18-07821
245 _aEffects of supplementation of different levels of onion powder on production performance, carcass characteristics and gut health in broiler /
_bMS thesis
260 _aSher-e-Bangla Agricultural University;
_bDepartment of Animal nutrition, genetics and breeding ;
_c2024.
300 _axi, 71p. :
_bill. ;
_c30 cm.
500 _aMS thesis of Department of Animal nutrition, genetics and breeding ;, ;, Faculty of ASVM. Sher-e-Balgla Agricultural University Dhaka-1207
504 _aIncludes bibliographical reference.
590 _aNazmul
650 _aonion powder
650 _agut health in broiler
700 _aProf. Dr. Mofassara Akter
_eSuperviser
710 _eCo-Superviser
_aAssociate Prof. Dr.Al-Nur Md. Iftekhar Rahman
942 _2ddc
_cTHESIS
999 _c18409
_d18408